000 00618nam a2200241 i 4500
001 C2-0060074
003 PPAK
005 20190630222107.0
008 970302s1983 enka|||| ||||| | eng d
020 _a0246121033
040 _aPPAK
_beng
_cPPAK
_erda
082 0 4 _a794
_223
090 0 0 _a794
_bJAM
_dG
100 1 _aJames, M.,
_eauthor
245 1 0 _a21 games for the BBC Micro
264 1 _aLondon :
_bGranada ,
_c1983
300 _a144 pages :
_billustrations ;
_c20 cm
336 _2rdacontent
_atext
337 _2rdamedia
_aunmediated
338 _2rdacarrier
_avolume
700 _eauthor
942 _ddc
_cB
999 _c7075
_d7075